Quasicrystals : a Primer /

Gespeichert in:
Bibliographische Detailangaben
1. Verfasser: Janot, C. (Verfasst von)
Format: Buch
Sprache:Englisch
Veröffentlicht: Oxford University Press 1994
Ausgabe:2nd Ed.
Schlagworte:
Tags: Tag hinzufügen
Keine Tags, Fügen Sie das erste Tag hinzu!

MARC

LEADER 00000nam a22000003a 4500
001 0098905
003 SK-STU
005 20221206142443.7
007 ta
008 221206s ----xo-----e------000-0-----d
020 |a 978-0-19-965740-7 
040 |a STU  |b slo 
041 0 |a eng 
044 |a xxk 
100 1 |a Janot, C.  |4 aut 
245 1 0 |a Quasicrystals :  |b a Primer /  |c aut. C Janot 
250 |a 2nd Ed. 
260 |a Oxford  |b University Press  |c 1994 
300 |a 409 s. 
650 0 7 |a kvázikryštály 
996 |b 284M089205  |c M* 14692-1  |l MMST  |s A  |a 24  |w 0098905_0001